MARC

LEADER 00000nam0a2200000 4500
001 12622
005 20231030184504.0
010 |a 5238000898 
035 |a (RuTPU)RU\TPU\book\12701 
035 |a BOOK00012767 
090 |a 12622 
100 |a 20011209d1999 m y0rusy50 ca 
101 0 |a rus 
102 |a RU 
105 |a y j 000zy 
200 1 |a Международные экономические отношения  |e учебник  |f Под ред. Е. Ф. Жукова 
210 |a Москва  |c ЮНИТИ  |d 1999 
215 |a 485 с. 
610 1 |a экономика 
610 1 |a международные экономические отношения 
610 1 |a мировая экономика 
610 1 |a мировое хозяйство 
610 1 |a внешняя торговля 
610 1 |a Россия 
610 1 |a учебные пособия 
686 |a У58я73  |v LBC/SL-A  |2 rubbk 
702 1 |a Жуков  |b Е. Ф.  |4 340 
801 0 |a RU  |b 63413507  |c 20011209  |g PSBO 
801 2 |a RU  |b 63413507  |c 20180531  |g PSBO 
942 |c BK